| 000 | 01058nam a22002657a 4500 | ||
|---|---|---|---|
| 001 | 9491 | ||
| 003 | FISKH | ||
| 005 | 20260114152324.0 | ||
| 008 | 260114b cb ||||| |||| 00| 0 eng d | ||
| 040 |
_aFISKH _beng _cFISKH _dFISKH |
||
| 050 | _aPZ7 | ||
| 082 | _a813 | ||
| 100 |
_aMacKellar, William _eAuthor |
||
| 245 |
_aThe secret of Loch Moyne / _cBy William MacKellar ; illustrated by Carol Wilde |
||
| 260 |
_aChicago : _bScience Research Associates , _c1972 |
||
| 300 |
_a28 pages : _bcolor illustrations ; _c21 cm |
||
| 505 | _aP | ||
| 520 | _aYoung Wullie Watson spots something in Loch Moyne, Scotland. Can it be a sea monster? Wullie's sister, Fiona, doesn't believe in sea monsters, but Professor Grant thinks there might really be one in the deep waters of the loch. Wullie decides to keep his eyes open, hoping he'll be the first to see the monster. | ||
| 521 | 8 |
_a650
_bLexile estimate |
|
| 521 | 8 |
_aP
_bRaz-Plus |
|
| 650 |
_aSecret _vSea monster |
||
| 700 |
_aWilde, Carol _eIllustrator |
||
| 942 |
_2ddc _cBK _n0 |
||
| 999 |
_c9491 _d9491 |
||